Kofi Annan (1997–2006): Reformy, vojna v Iraku
V rokoch 1997 – 2006 pôsobil Kofi Annan vo funkcii generálneho tajomníka Organizácie Spojených národov v období narastajúcich globálnych bezpečnostných výziev a diskusií o reforme multilaterálneho systému.
Gespeichert in:
| 1. Verfasser: | |
|---|---|
| Format: | Buchkapitel |
| Sprache: | Slowakisch |
| Schlagworte: | |
| Tags: |
Keine Tags, Fügen Sie das erste Tag hinzu!
|
MARC
| LEADER | 00000naa$a2200000$$$4500 | ||
|---|---|---|---|
| 001 | 0314393 | ||
| 005 | 20260126082508.0 | ||
| 041 | 0 | |a slo | |
| 044 | |a SK | ||
| 245 | 1 | 0 | |a Kofi Annan (1997–2006): Reformy, vojna v Iraku |c Christopher Schagerl |
| 520 | |a V rokoch 1997 – 2006 pôsobil Kofi Annan vo funkcii generálneho tajomníka Organizácie Spojených národov v období narastajúcich globálnych bezpečnostných výziev a diskusií o reforme multilaterálneho systému. | ||
| 610 | 2 | 0 | |a Organizácia spojených národov |
| 610 | 2 | 0 | |a riaditelia |
| 610 | 2 | 0 | |a lídri |
| 610 | 2 | 0 | |a prevencia |
| 610 | 2 | 0 | |a konflikty |
| 610 | 2 | 0 | |a konflikty medzinárodné |
| 610 | 2 | 0 | |a ochrana ľudských práv |
| 610 | 2 | 0 | |a reformy |
| 100 | 1 | |a Schagerl, Christopher, 1984- | |